00333 a2200133 450000100060000002000150000604000220002110000280004324000450007124500400011630000080015636200090016465000260017360433 a8531207584 cAnchieta - Pituba aBarreto, Luiz Antônio10aHistória da literatura brasileiralpor10aHistória da literatura brasileira a5960 a2001 4aLiteratura brasileira